000
00358nam a2200145Ia 4500
008
191206s9999 xx 000 0 und d
020
_a
393048500
090
_a
PR6058.O47
245
0
_a
Basil Street blues
250
_a
1st American ed.
260
_a
W.W. Norton
260
_c
c2000
300
_a
"xiv, 306 p. : ill. ; 25 cm."
999
_c
15528
_d
15528